000 00243nam a2200085Ia 4500
245 0 _aIf you were a contraction
100 _a SHASKAN, Trisha Speed Mankato, Minn., 2009
_978905
942 _cBK
008 210817s9999 xx 000 0 und d
999 _c273459
_d273456